00974nam a2200241 a 450000100100000000500170001000800410002702000150006804000250008308200150010824000600012324501820018326000600036530000210042549000240044653400690047070000240053970000230056370000320058670000270061870000240064583000630066900002434220200930022928.0110126s1976 mx r 001 0 spa d a9682997763 aDO-SdBNPbspacBNPHU axxxxbP96200aZagadnienia ekonomii polytycznej socjalizmu.lEspañol00aProblemas de economía política del socialismo /cCzeslaw Bobrowski... [et al] ; edición Oscar Lange ; traducción de FLorentino M. Torner, Ludwik Margules y Alaide Foppa. aMéxico, D. F. :bFondo de Cultura Económoca,c1976. a347 p. ;c21 cm.1 aObras de Economía aTítulo original :tZagadnienia ekonomii polytycznej socjalizmu1 aBobrowski, Czeslaw.1 aLange, Oscar,eed.1 aTorner, Florentino M.,etr.1 aMargules, Ludwik,etr.1 aFoppa, Alaide,etr. 0aObras de Economía.pEconomía política del socialismo